ADEPT 2024 : 12th International conference on advances in electronic and photonic technologies. Nový Smokovec, Slovakia. June 24-27, 2024 /

Gespeichert in:
Bibliographische Detailangaben
Körperschaft: International conference on Advances in Electronic and Photonic Technologies (Adept 2024) Nový Smokovec, Slovakia
Weitere Verfasser: Feiler, Martin, 1995- (Zusammenstellung), Ziman, Martin, 1995- (Zusammenstellung), Kováčová, Soňa, 1981- (Zusammenstellung), Kováč, Jaroslav jr. 1977- (Zusammenstellung)
Format: Tagungsbericht Buch
Sprache:Englisch
Veröffentlicht: Žilina : Vydavateľstvo EDIS, 2024
Ausgabe:1. vyd.
Tags: Tag hinzufügen
Keine Tags, Fügen Sie das erste Tag hinzu!

MARC

LEADER 00000nam a22000003a 4500
001 0110276
003 SK-STU
005 20240628150023.2
007 ta
008 160822s ----xo-----e------100-0-----d
020 |a 978-80-554-2109-4 
035 |a biblio/1187240  |2 CREPC2 
040 |a STU  |b slo 
041 0 |a eng 
111 2 |a International conference on Advances in Electronic and Photonic Technologies (Adept 2024)  |n 12.  |d June 24-27, 2024  |c Nový Smokovec, Slovakia 
245 1 0 |a ADEPT 2024 :  |b 12th International conference on advances in electronic and photonic technologies. Nový Smokovec, Slovakia. June 24-27, 2024 /  |c zost. Martin Feiler, Martin Ziman, Soňa Kováčová, Jaroslav Jr Kováč 
250 |a 1. vyd. 
260 |a Žilina :  |b Vydavateľstvo EDIS,  |c 2024 
300 |a 171 s. 
700 1 |a Feiler, Martin,  |d 1995-  |u 033000  |r Z2  |4 com  |9 25  |U FEI Fakulta elektrotechniky a informatiky  |T FEI Ústav elektroniky a fotoniky  |X 74517  |U E030  |Y 549  |7 74517 
700 1 |a Ziman, Martin,  |d 1995-  |u 033000  |r Z2  |4 com  |9 25  |U FEI Fakulta elektrotechniky a informatiky  |T FEI Ústav elektroniky a fotoniky  |X 76002  |U E030  |Y 549  |7 76002 
700 1 |a Kováčová, Soňa,  |d 1981-  |u 033000  |r Z2  |4 com  |9 25  |U FEI Fakulta elektrotechniky a informatiky  |T FEI Ústav elektroniky a fotoniky  |X 5146  |U E030  |Y 549  |7 5146 
700 1 |a Kováč, Jaroslav jr.  |d 1977-  |u 033000  |r Z1  |4 com  |9 25  |U FEI Fakulta elektrotechniky a informatiky  |T FEI Ústav elektroniky a fotoniky  |X 42526  |U E030  |Y 549  |7 A000042526 
996 |b 284EO00623  |c E*O-623  |l EE0102  |s P  |a 0  |w 0110276_0001